Wars, guns & votes: (Record no. 130185)
[ view plain ]
| 000 -LEADER | |
|---|---|
| fixed length control field | 00594nam a22001697a 4500 |
| 008 - FIXED-LENGTH DATA ELEMENTS--GENERAL INFORMATION | |
| fixed length control field | 200123b ||||| |||| 00| 0 eng d |
| 020 ## - INTERNATIONAL STANDARD BOOK NUMBER | |
| International Standard Book Number | 9780099523512 |
| 050 ## - LIBRARY OF CONGRESS CALL NUMBER | |
| Classification number | HN 981.V5 C65 2009 |
| 100 ## - MAIN ENTRY--PERSONAL NAME | |
| Personal name | Collier, Paul |
| 9 (RLIN) | 21331 |
| 245 ## - TITLE STATEMENT | |
| Title | Wars, guns & votes: |
| Remainder of title | democracy in dangerous places |
| Statement of responsibility, etc | / Paul Collier |
| 260 ## - PUBLICATION, DISTRIBUTION, ETC. (IMPRINT) | |
| Place of publication, distribution, etc | London |
| Name of publisher, distributor, etc | Vintage Books |
| Date of publication, distribution, etc | 2010 |
| 300 ## - PHYSICAL DESCRIPTION | |
| Extent | viii, 255p. |
| Dimensions | 20cm. |
| 650 ## - SUBJECT ADDED ENTRY--TOPICAL TERM | |
| Topical term or geographic name as entry element | Political violence |
| General subdivision | Developing countries |
| 9 (RLIN) | 49051 |
| 650 ## - SUBJECT ADDED ENTRY--TOPICAL TERM | |
| Topical term or geographic name as entry element | Power (social sciences) |
| General subdivision | Developing countries |
| 9 (RLIN) | 49052 |
| 650 ## - SUBJECT ADDED ENTRY--TOPICAL TERM | |
| Topical term or geographic name as entry element | Democracy |
| General subdivision | Developing countries |
| 9 (RLIN) | 49053 |
| 942 ## - ADDED ENTRY ELEMENTS (KOHA) | |
| Source of classification or shelving scheme | Library of Congress Classification |
| Item type | Monograph ( Printed materials) |
| Withdrawn status | Lost status | Source of classification or shelving scheme | Damaged status | Not for loan | Home library | Current library | Date acquired | Total Checkouts | Full call number | Barcode | Date last seen | Date last borrowed | Price effective from | Koha item type |
|---|---|---|---|---|---|---|---|---|---|---|---|---|---|---|
| Library of Congress Classification | ARRUPE LIBRARY | ARRUPE LIBRARY | 23/01/2020 | 1 | HN 981.V5 C65 2009 | 46600006246 | 14/02/2020 | 24/01/2020 | 23/01/2020 | Monograph ( Printed materials) |